| 000 | 00538nam a2200181 a 4500 | ||
|---|---|---|---|
| 005 | 20140310183214.0 | ||
| 008 | 030421s19uu xx 00 eng d | ||
| 050 |
_aRT 98 _b.P153 2003 |
||
| 100 | _aPalaganas, Erlinda Castro | ||
| 245 |
_aHealth care practice in the community / _cErlinda Castro Palaganas. |
||
| 260 |
_aErmita, Manila, Philippines : _bEducational Publishing House, _c2003. |
||
| 300 |
_a454 p. : _c26 cm. |
||
| 521 | _aNUR | ||
| 650 | _aHealth care | ||
| 942 |
_cBK _2lcc _kLOC |
||
| 999 |
_c20215 _d20215 |
||